[Event "IECG QN.2000.0.00133"]
[Site "IECG email"]
[Date "2000.08.14"]
[Round "?"]
[White "Ayman, Mikhail"]
[Black "Porter, Jason"]
[Result "1-0"]
[WhiteElo "800"]
[BlackElo "800"]
[PlyCount "29"]
[EventDate "2000.08.14"]
[EventType "tourn (corr)"]
[EventRounds "6"]
[SourceTitle "Corr 2008"]
[Source "ChessBase"]
[SourceDate "2008.06.24"]
[SourceVersion "1"]
[SourceVersionDate "2008.06.24"]
[SourceQuality "1"]

1. e4 e5 2. Nf3 d6 3. d4 Nc6 4. d5 Bg4 5. dxc6 bxc6 6. h3 Bxf3 7. Qxf3 d5 8. Qc3 Qf6 9. exd5 Ne7 10. dxc6 Nxc6 11. Bb5 Kd7 12. 0-0 e4 13. Rd1+ Kc8 14. Ba6+ Kb8 15. Qxc6 1-0

[Event "IECG QN.2000.0.00133"]
[Site "IECG email"]
[Date "2000.08.14"]
[Round "?"]
[White "Ayman, Mikhail"]
[Black "Venturas, Bob"]
[Result "1-0"]
[WhiteElo "800"]
[BlackElo "630"]
[PlyCount "61"]
[EventDate "2000.08.14"]
[EventType "tourn (corr)"]
[EventRounds "6"]
[SourceTitle "Corr 2008"]
[Source "ChessBase"]
[SourceDate "2008.06.24"]
[SourceVersion "1"]
[SourceVersionDate "2008.06.24"]
[SourceQuality "1"]

1. d4 d5 2. c4 dxc4 3. Nf3 Bg4 4. Ne5 Be6 5. e4 c6 6. Bxc4 Nf6 7. Bxe6 fxe6 8. Nc3 g6 9. Qb3 Qc8 10. Be3 Nbd7 11. Qxe6 Nxe5 12. Qxe5 Bg7 13. f3 Qd7 14. 0-0-0 0-0 15. Qg5 h6 16. Qxg6 Rad8 17. Bxh6 e6 18. e5 Nd5 19. Ne4 Kh8 20. Ng5 Bxh6 21. Qxh6+ Kg8 22. Nxe6 Qh7 23. Qg5+ Kh8 24. Nxd8 Nb4 25. Kd2 Qc2+ 26. Ke1 Nd3+ 27. Rxd3 Qxd3 28. Ne6 Rg8 29. Qf6+ Kh7 30. Qh4+ Kg6 31. Nf4+ 1-0

[Event "IECG CN.2000.0.00207"]
[Site "IECG email"]
[Date "2000.08.08"]
[Round "?"]
[White "Tavakoli, Fariba"]
[Black "Ayman, Mikhail"]
[Result "1-0"]
[WhiteElo "800"]
[BlackElo "800"]
[PlyCount "67"]
[EventDate "2000.08.08"]
[EventType "tourn (corr)"]
[EventRounds "6"]
[SourceTitle "Corr 2008"]
[Source "ChessBase"]
[SourceDate "2008.06.24"]
[SourceVersion "1"]
[SourceVersionDate "2008.06.24"]
[SourceQuality "1"]

1. b4 e5 2. Bb2 Bxb4 3. Bxe5 Nf6 4. Nf3 0-0 5. e3 d5 6. c3 Be7 7. d4 Nc6 8. Bg3 Ne4 9. Bd3 Nxg3 10. hxg3 h6 11. Bc2 Qd6 12. Qd3 f5 13. Nbd2 Qe6 14. Rb1 Bd6 15. Ng1 b6 16. Ne2 a5 17. Ba4 Ba6 18. Bb5 Bb7 19. Nc4 Be7 20. Nf4 Qd7 21. Ne5 Nxe5 22. dxe5 c6 23. Nxd5 Rad8 24. Nxe7+ Qxe7 25. Qc4+ Rf7 26. Bxc6 Qc7 27. e6 Re7 28. Bb5 Bxg2 29. Rh4 Be4 30. Qxc7 Rxc7 31. Rb2 Kf8 32. Rd2 Rxd2 33. Kxd2 Ke7 34. Bd7 1-0